000
00291nam a22001457a 4500
003
SGT
082
_a
611
_b
H14T
100
_a
TANDON, B.K.
245
_a
TB. OF HUMAN ANATOMY
250
_a
2ND
260
_a
INDIA
_b
AHUJA
_c
2014
300
_a
253
650
_a
ANATOMY
942
_2
ddc
_c
BK
_0
3
999
_c
10595
_d
10595